La Montaña mágica
Zapisane w:
| Format: | Texto |
|---|---|
| Hasła przedmiotowe: | |
| Etykiety: |
Dodaj etykietę
Nie ma etykietki, Dołącz pierwszą etykiete!
|
MARC
| LEADER | 00000 a a2200000 04500 | ||
|---|---|---|---|
| 001 | 6575 | ||
| 003 | |||
| 040 | |||
| 245 | |a La Montaña mágica | ||
| 650 | |a POLITICA ECONOMICA | ||
| 650 | |a GOBIERNO CENTRAL | ||
| 650 | |a POLITICA GUBERNAMENTAL | ||
| 650 | |a OPINION PUBLICA | ||
| 773 | |g volumen 23, número 1002; páginas 14-16 | ||
| 999 | |c 22955 |d 22955 | ||
